Giáo trình tư pháp quốc tế (phần chung)
Nội dung sách gồm một số thuyết cơ bản về tư pháp quốc tế; chủ thể của tư pháp quốc tế; xung đột pháp luật; thẩm quyền của tòa án quốc gia đối với vụ việc dân sự có yếu tố nước ngoài....
Spremljeno u:
| Glavni autor: | |
|---|---|
| Format: | Knjiga |
| Jezik: | Undetermined |
| Izdano: |
Tp.Hồ Chí Minh
Hồng đức
2013
|
| Teme: | |
| Oznake: |
Dodaj oznaku
Bez oznaka, Budi prvi tko označuje ovaj zapis!
|
| Thư viện lưu trữ: | Trung tâm Học liệu Trường Đại học Cần Thơ |
|---|
| LEADER | 00929nam a2200205Ia 4500 | ||
|---|---|---|---|
| 001 | CTU_191814 | ||
| 008 | 210402s9999 xx 000 0 und d | ||
| 020 | |c 35000 | ||
| 082 | |a 340.9 | ||
| 082 | |b Qu600 | ||
| 100 | |a Mai, Hồng Quỳ | ||
| 245 | 0 | |a Giáo trình tư pháp quốc tế (phần chung) | |
| 245 | 0 | |c Mai Hồng Quỳ chủ biên | |
| 260 | |a Tp.Hồ Chí Minh | ||
| 260 | |b Hồng đức | ||
| 260 | |c 2013 | ||
| 520 | |a Nội dung sách gồm một số thuyết cơ bản về tư pháp quốc tế; chủ thể của tư pháp quốc tế; xung đột pháp luật; thẩm quyền của tòa án quốc gia đối với vụ việc dân sự có yếu tố nước ngoài. | ||
| 650 | |a Conflict of laws,Sự xung đột luật pháp | ||
| 904 | |i Tuyến | ||
| 980 | |a Trung tâm Học liệu Trường Đại học Cần Thơ | ||